Information Systems in Agricultural Enterprises: An Empirical Study in Slovak Republic
Súčasný stav aplikácie podnikových informačných systémov v poľnohospodárskych podnikoch v Slovenskej republike. Analýza vplyvu vybraných faktorov (výhody a funkcie informačného systému) na spokojnosť manažérov s implementovaným informačným systémom.
Gespeichert in:
| 1. Verfasser: | |
|---|---|
| Weitere Verfasser: | , |
| Format: | Buchkapitel |
| Sprache: | Englisch |
| Schlagworte: | |
| Tags: |
Keine Tags, Fügen Sie das erste Tag hinzu!
|
MARC
| LEADER | 00000nla a2200000 4500 | ||
|---|---|---|---|
| 001 | 0246517 | ||
| 005 | 20240502083658.4 | ||
| 041 | 0 | |a eng | |
| 044 | |a CZ | ||
| 245 | 1 | 0 | |a Information Systems in Agricultural Enterprises: An Empirical Study in Slovak Republic |c Anna Látečková, Vladimír Bolek, Ľuboslav Szabo |
| 520 | |a Súčasný stav aplikácie podnikových informačných systémov v poľnohospodárskych podnikoch v Slovenskej republike. Analýza vplyvu vybraných faktorov (výhody a funkcie informačného systému) na spokojnosť manažérov s implementovaným informačným systémom. | ||
| 610 | 2 | 0 | |a systémy informačné |
| 610 | 2 | 0 | |a systémy informačné integrované |
| 610 | 2 | 0 | |a technológie informačné |
| 610 | 2 | 0 | |a technológie komunikačné |
| 610 | 2 | 0 | |a manažment |
| 610 | 2 | 0 | |a manažment informačný |
| 610 | 2 | 0 | |a podnik poľnohospodársky |
| 610 | 2 | 0 | |a Slovensko |
| 610 | 2 | 0 | |a benefity |
| 100 | 1 | |a Látečková, Anna | |
| 700 | 1 | |a Bolek, Vladimír, 1988- | |
| 700 | 1 | |a Szabo, Ľuboslav | |